| 000 | 00778nam a2200241Ia 4500 | ||
|---|---|---|---|
| 003 | IN-BaIIA | ||
| 008 | 211028s9999 xx s 000 0 eng d | ||
| 020 | _a978-3-642-32459-8 (Print) | ||
| 020 | _a978-3-642-32460-4 (Online) | ||
| 040 | _cIIA Library | ||
| 100 |
_aTreiber, Martin _939728 |
||
| 245 | 0 |
_aTraffic Flow Dynamics _h[eBook] |
|
| 260 |
_aHeidelberg, Berlin _bSpringer Berlin Heidelberg _c2013 |
||
| 300 | _aOnline resource | ||
| 650 | _a Complex Systems | ||
| 650 |
_a Complexity _932377 |
||
| 650 |
_a Mathematical Modeling and Industrial Mathematics _939095 |
||
| 650 |
_a Optimization _927040 |
||
| 650 |
_aPhysics _973 |
||
| 700 |
_aKesting, Arne _939729 |
||
| 856 |
_uhttp://doi.org/10.1007/978-3-642-32460-4 _yClick Here to Access eBook |
||
| 942 | _cEB | ||
| 999 |
_c21491 _d21491 |
||